01342nam a2200277 u 45000010006000000050017000060080041000230350010000640410008000740820008000821000042000902450198001322600043003303000014003736500038003876500070004256500062004956500030005577000037005877000034006249420010006589990017006685000115006859520132008009520132009326023120260428111639.0960313s1989 ||||||m| spa  a60231 aspa 4a33110aRueda, Gloria Maria4auteaut925947210aRepercusiones socio-economicas y familiares de los trabajadores temporales calificados por accidentes de trabajo, medicina laboral, Instituto de Seguros Sociales Seccional Antioquia : 1983-1987 aMedellín :b[sin publicador],c1989. a200 hojas 7aAccidentes de trabajo2dcs963034 aInstituto de Seguros Sociales. Seccional Antioquia - Choco953143 aTrabajadores temporales - Aspectos socioeconomicos946396 0aDesempleozColombia9719110aSerrano, Ledys4auteaut925947310aGarces, Ana4auteaut9258937 cTESIS c20138d20138 aTesis (Especialista en Gerencia del Desarrollo Social). Universidad de Antioquia - Título del grado otorgado 001040708ANTIOQUIAaBCbBCd1998-05-13iC98423l0o331.542 R918rp61000002213433r2023-04-20 00:00:00t1w2023-04-20yTESISI 001040708TESISBCaBCbBCd1998-05-13iC98424l0o331.542 R918r e2p61000002213375r2023-04-20 00:00:00t2w2023-04-20yTESIS